000 00580nam a2200193 i 4500
001 99272
003 ES-MaACL
005 20230906182453.0
007 t|
008 050906s1969 sp ||||1| spa d
080 _a658.386
100 1 _aMartín de Nicolas Cabo, Juan.
_977457
245 1 3 _aLa formación universitaria para la empresa /
_cJuan Martín de Nicolas Cabo.
260 _aBarcelona :
_bAriel,
_c1969.
300 _a341 p. :
_bil. ;
_c22 cm.
650 4 _aTrabajadores-
_xFormación profesional.
_9164831
852 4 _aES-MaACL
_jC-36749
852 4 _aES-MaACL
_jE-5870
999 _c99272
_d99272